Compendio de artículos técnicos sobre la trayectoria y perspectivas de la integración económica

में बचाया:
ग्रंथसूची विवरण
निगमित लेखक: ICAP
स्वरूप: मूलपाठ
प्रकाशित: San José: ICAP
टैग: टैग जोड़ें
कोई टैग नहीं, इस रिकॉर्ड को टैग करने वाले पहले व्यक्ति बनें!

MARC

LEADER 00000 a a2200000 04500
001 22502
003
040
090 |a 153801  
110 |a ICAP  
245 |a Compendio de artículos técnicos sobre la trayectoria y perspectivas de la integración económica  
260 |a San José:   |b ICAP  
300 |a p. irreg.  
999 |c 16533  |d 16533